[Event "Hospitalet de Llobregat op 4th"]
[Site "Hospitalet de Llobregat"]
[Date "2019.04.27"]
[Round "3"]
[White "Salvador Gomez, Jesus Francisco"]
[Black "Pallares Gurrea, Aitor Alexander"]
[Result "0-1"]
[WhiteElo "1644"]
[BlackElo "1865"]
[PlyCount "68"]
[EventDate "2019.04.06"]
[EventType "swiss"]
[EventRounds "9"]
[EventCountry "ESP"]
[SourceTitle "CBM 190 Extra"]
[Source "ChessBase"]
[SourceDate "2019.07.15"]
[SourceVersion "1"]
[SourceVersionDate "2019.07.15"]
[SourceQuality "1"]

1. c4 Nf6 2. g3 e5 3. Bg2 c6 4. Nc3 Be7 5. e3 d6 6. Nge2 Be6 7. d3 0-0 8. 0-0 Qd7 9. b3 Na6 10. d4 exd4 11. exd4 d5 12. c5 Bf5 13. f3 h6 14. a3 Rfe8 15. g4 Bh7 16. Bf4 Nc7 17. a4 Ne6 18. Bg3 a5 19. Ra2 Nc7 20. Kh1 Bf8 21. Be5 Na6 22. Bxf6 gxf6 23. Ng3 Nb4 24. Rd2 Re3 25. Nce2 Nd3 26. Nc1 Nf4 27. Re1 Rae8 28. Rxe3 Rxe3 29. Nh5 Qe7 30. Ne2 Nxe2 31. h3 Ng3+ 32. Nxg3 Re1+ 33. Qxe1 Qxe1+ 34. Nf1 h5 0-1

[Event "Barcelona Tres Peons-E 47th"]
[Site "Barcelona"]
[Date "2018.06.01"]
[Round "6.2"]
[White "Salvador Gomez, Jesus Francisco"]
[Black "Volart Buil, Jordi"]
[Result "1/2-1/2"]
[WhiteElo "1619"]
[BlackElo "1710"]
[PlyCount "108"]
[EventDate "2018.04.27"]
[EventType "tourn"]
[EventRounds "9"]
[EventCountry "ESP"]
[SourceTitle "EXT 2024"]
[Source "ChessBase"]
[SourceDate "2023.10.10"]
[SourceVersion "1"]
[SourceVersionDate "2023.10.10"]
[SourceQuality "1"]

1. d4 Nf6 2. Nf3 c5 3. e3 d5 4. c3 a6 5. Nbd2 Qc7 6. h3 Bf5 7. Qa4+ Bd7 8. Qc2 g6 9. e4 dxe4 10. Nxe4 cxd4 11. Nxf6+ exf6 12. Qe4+ Be6 13. Qxd4 Bg7 14. Bg5 Nd7 15. Bf4 Ne5 16. Bxe5 fxe5 17. Qa4+ Bd7 18. Qc4 Qxc4 19. Bxc4 Bc6 20. Ng5 0-0 21. 0-0 b5 22. Bb3 h6 23. Nf3 Bxf3 24. gxf3 Rfd8 25. Rfd1 Bf6 26. a3 a5 27. Kf1 b4 28. axb4 axb4 29. Rxd8+ Rxd8 30. Ra7 Rf8 31. cxb4 e4 32. fxe4 Bxb2 33. b5 g5 34. Rd7 Be5 35. b6 Kg7 36. b7 Kg6 37. Kg2 f5 38. exf5+ Kxf5 39. Rf7+ Rxf7 40. Bxf7 Kf4 41. Bh5 Bb8 42. Kf1 Ke4 43. Ke2 Bf4 44. Bg6+ Kd5 45. Kf3 Ke6 46. h4 Kf6 47. Be8 Bb8 48. Kg4 gxh4 49. Kxh4 Kg7 50. Kg4 Kf6 51. f4 Bc7 52. f5 Bb8 53. Bd7 Bc7 54. Kf3 Ke5 1/2-1/2